000 00830nam a2200265Ia 4500
003 OSt
005 20221005062138.0
006 a|||||r|||| 00| 0
007 ta
008 221004b |||||||| |||| 00| 0 eng d
020 _a9781472484390 (hbk)
_cUKP 95.00
024 _a29710
037 _b292, 10/03/2017, Classic Book Service
_cTextual
040 _aCRL
_cCRL
_beng
041 _2eng
_aeng
082 _aO111,3:gM, Q7
100 _aMay Leila Silvana
_9433345
245 0 _aSecrecy and disclosure in victorian fiction
260 _aLondon
_bRoutledge UK
_c2017
300 _aix,242p.
_ccm.
490 _aAmong the Victorians and modernists
650 _aENGLISH FICTION
942 _hO111,3:gM, Q7
_cTEXL
_2cc
999 _c969239
_d969239